000 00610nam a2200181Ia 4500
008 090630s9999 xx 000 0 und d
082 _b27743
100 _aकर्णिक मधु मंगेश.
245 _aनारळ पाणी.
_cकर्णिक मधु मंगेश.
260 _bहर्ष - वसई.
_c2007
300 _a151
600 _aकर्णिक मधु मंगेश.
630 _aनारळ पाणी.
655 _aइतर.
700 _aकर्णिक मधु मंगेश.
730 _aनारळ पाणी.
942 _cBOOK
999 _c279599
_d279599